Zemodrap mexickí architekti predstavili budovu budúcnosti

Bibliographic Details
Main Author: Boldocki, Rastislav (Author)
Format: Article
Language:Slovak
PhysicalDescription:Fotogr.
ISSN:1210-4040
Subjects:

MARC

LEADER 00000nab a2200000 a 4500
001 vtls010328210
003 SK-MaSNL
005 20260304165550.0
008 111202c2011 xo wrzp 0 0slo
015 |a SNBRB2011/12  |2 rvgkpd 
038 |a RVGKPD 
040 |a RVGKPD  |b slo  |c RVGKPD  |e AACR2 
041 0 |a slo 
044 |a xo  |c SK 
080 |a 72.012.27  |x (72)  |2 1997 
100 1 |a Boldocki, Rastislav  |4 aut  |9 266320 
245 1 0 |a Zemodrap  |b mexickí architekti predstavili budovu budúcnosti  |c Rastislav Boldocki 
246 3 |a Nebude sa ťahať do neba, ale do zeme 
300 |b Fotogr. 
650 0 7 |a výškové budovy  |2 rvgkpd  |9 438942 
651 7 |a Mexiko (Mexiko)  |2 rvgkpd  |9 164002 
651 7 |a Mexiko  |2 rvgkpd  |9 21360 
773 0 |t Plus 7 dní  |g Roč. XX, č. 44 (2011), s. 80-82  |x 1210-4040 
852 |a RVGKPD  |b KIS3G 
992 |a RBX 
999 |c 2984821  |d 2986751